Sports Quiz

Random Sports or NBA Quiz

NBA Chain Quiz (Medium Difficulty) Stats

 Plays Quiz not verified by Sporcle

Score 0/53 Timer 10:00
253 Plays Today
% Correct
???
100%
???
96.2%
???
95%
???
83.2%
???
69%
???
66.2%
???
60.3%
???
60%
???
58.7%
???
49.6%
???
49%
???
46.5%
???
45%
???
33.8%
???
27.9%
???
27.4%
???
24.2%
???
22.1%
???
17.8%
???
17%
???
15%
???
14.9%
???
14.7%
???
14.6%
???
14.4%
???
14.2%
???
14.2%
% Correct
???
13.9%
???
13.8%
???
12.6%
???
11.9%
???
10.1%
???
9.8%
???
9.2%
???
9.1%
???
8.9%
???
8.8%
???
8.8%
???
8.8%
???
8.6%
???
8.6%
???
8.5%
???
7.8%
???
7.7%
???
6.4%
???
5.7%
???
5.5%
???
4.6%
???
2%
???
1.8%
???
1.8%
???
1.8%
???
1.8%

You're not logged in!

Compare scores with friends on all Sporcle quizzes.
OR
Log In

Show Comments

Extras

Top Quizzes Today


Score Distribution

Your Account Isn't Verified!

In order to create a playlist on Sporcle, you need to verify the email address you used during registration. Go to your Sporcle Settings to finish the process.

Report this User

Report this user for behavior that violates our Community Guidelines.

Details: